| 000 | 00697nam a2200229 a 4500 | ||
|---|---|---|---|
| 001 | 45569 | ||
| 003 | BD-RjUL | ||
| 005 | 20211209054032.0 | ||
| 008 | 160727s1953 enk 001 0 eng d | ||
| 035 | _a(BD-RjUL)45687 | ||
| 040 |
_aDLC _cEXK _dOCL _dUKM _dEQO _dBD-RjUL _beng |
||
| 041 | _aeng | ||
| 082 |
_a330.95 _223 _bECO 1953 |
||
| 245 | 1 | 0 |
_aEconomic problems of underdeveloped countries in Asia / _cedited by, B. K. Madan |
| 260 |
_aNew York : _bRussell & Russell, _c1953 |
||
| 300 |
_aiv, 290 p. ; _c26 cm. |
||
| 500 | _aIncludes Index | ||
| 651 | 0 |
_aAsia _xEconomic conditions _y1918- _9139494 |
|
| 651 | 0 |
_aDeveloping countries _9139495 |
|
| 700 |
_aMadan, B. K. _9139496 |
||
| 942 |
_2ddc _cBK |
||
| 999 |
_c45569 _d45569 |
||